000147424 001__ 147424
000147424 005__ 20241217145104.0
000147424 037__ $$aTAZ-TFG-2024-253
000147424 041__ $$aspa
000147424 1001_ $$aGarcía Bamzaham, Fátima Azahara
000147424 24200 $$aBoethius and his role in transmission of musical theory in the middle ages: De institutione musica
000147424 24500 $$aBoecio y su papel en la transmisión de la teoría musical en el medievo: De institutione musica
000147424 260__ $$aZaragoza$$bUniversidad de Zaragoza$$c2024
000147424 506__ $$aby-nc-sa$$bCreative Commons$$c3.0$$uhttp://creativecommons.org/licenses/by-nc-sa/3.0/
000147424 520__ $$aBoecio se dedicó al estudio de diversos autores, lo que le llevó a componer hacia principios del siglo VI traducciones y obras dedicadas a los conocimientos que logró reunir, incluyendo, dentro de lo que denominó quadrivium, un tratado de teoría musical, De institutione musica, que a lo largo de 5 libros expone las investigaciones y consideraciones de varios pensadores respecto a temas tales como las consonancias, la percepción humana de los sonidos o los tipos de música, entre otros.<br /><br />
000147424 521__ $$aGraduado en Estudios Clásicos
000147424 540__ $$aDerechos regulados por licencia Creative Commons
000147424 700__ $$aMagallón García, Ana Isabel$$edir.
000147424 7102_ $$aUniversidad de Zaragoza$$b $$c
000147424 8560_ $$f749279@unizar.es
000147424 8564_ $$s717513$$uhttps://zaguan.unizar.es/record/147424/files/TAZ-TFG-2024-253.pdf$$yMemoria (spa)
000147424 909CO $$ooai:zaguan.unizar.es:147424$$pdriver$$ptrabajos-fin-grado
000147424 950__ $$a
000147424 951__ $$adeposita:2024-12-17
000147424 980__ $$aTAZ$$bTFG$$cFFYL
000147424 999__ $$a20240204184723.CREATION_DATE